| 000 | 00945nam a22003137a 4500 | ||
|---|---|---|---|
| 001 | BR9404892 | ||
| 003 | BR-BrBNA | ||
| 005 | 20230928094104.0 | ||
| 007 | ta | ||
| 008 | 230509b bl.||||| |||| 00| 0 por d | ||
| 040 |
_aBR-BrBNA _bpor _cBiblioteca Nacional de Agricultura |
||
| 041 | _a(Por) | ||
| 072 |
_aP07; Q80 _b8901 _b8905 |
||
| 090 | _ 8901 BR9404892 | ||
| 110 | 1 |
_aPrograma de Desenvolvimento Florestal Integrado, Curitiba, PR (Brasil) _97962 |
|
| 110 | 1 |
_aFAO, Brasilia, DF (Brasil) _94523 |
|
| 245 | 1 |
_aCarvoejamento e caixotaria na regiao metropolitana de Curitiba _bSerie Subsidios Florestais no. 1 |
|
| 260 | 3 |
_aCuritiba, PR (Brasil): _c1990. |
|
| 300 | _a48 p. | ||
| 500 | _a10 ref.; 14 tables | ||
| 650 | _aMadeira | ||
| 650 | _aCarvao Vegetal | ||
| 650 | _aBracatinga | ||
| 650 | _aEmbalagem | ||
| 650 | _aComercializacao | ||
| 650 | _aCusto de Producao | ||
| 909 |
_a202309 _bLucia _c55 _dLucia Elande |
||
| 942 | _cBK | ||
| 999 |
_c48792 _d48792 |
||